[Event "IND-ch U11 Girls 30th"]
[Site "India"]
[Date "2016.07.01"]
[Round "5"]
[White "Shreya, Das"]
[Black "Panda, Miracle"]
[Result "0-1"]
[WhiteElo "1021"]
[BlackElo "1163"]
[PlyCount "48"]
[EventDate "2016.06.28"]
[EventType "swiss"]
[EventRounds "11"]
[EventCountry "IND"]
[SourceTitle "CBM 173 Extra"]
[Source "ChessBase"]
[SourceDate "2016.08.29"]
[SourceVersion "1"]
[SourceVersionDate "2016.08.29"]
[SourceQuality "1"]

1. e4 c5 2. Nf3 Nc6 3. d4 cxd4 4. Nxd4 g6 5. Nc3 Bg7 6. Be3 Nf6 7. Qd2 d5 8. Nxc6 bxc6 9. exd5 Nxd5 10. Bd4 e5 11. Be3 0-0 12. Bd3 Rb8 13. Bc4 Nxc3 14. bxc3 e4 15. 0-0 Bf5 16. Bd4 c5 17. Be3 Qa5 18. Bh6 Rfd8 19. Qg5 Qxc3 20. Bb3 c4 21. Rfd1 Bf6 22. Rxd8+ Rxd8 23. Qg3 Qxa1+ 24. Bc1 Qxc1# 0-1